|
|
|
|
| LEADER |
00768nab a2200217 i 4500 |
| 001 |
publ31584 |
| 005 |
20241214153530.0 |
| 008 |
241214s1998 hu o 000 hun d |
| 022 |
|
|
|a 0133-5596; 1588-0230
|
| 024 |
7 |
|
|a 1122284
|2 mtmt
|
| 040 |
|
|
|a SZTE Publicatio Repozitórium
|b hun
|
| 041 |
|
|
|a hun
|
| 100 |
1 |
|
|a Baláti Beáta
|
| 245 |
1 |
3 |
|a Az M sejtek elektrofiziológiai jellemzése
|h [elektronikus dokumentum] :
|b élettani, farmakológiai és klinikai jelentőségük /
|c Baláti Beáta
|
| 260 |
|
|
|c 1998
|
| 300 |
|
|
|a 155-164
|
| 490 |
0 |
|
|a CARDIOLOGIA HUNGARICA
|v 27 No. 4
|
| 650 |
|
4 |
|a Általános orvostudomány
|
| 700 |
0 |
1 |
|a Varró András
|e aut
|
| 700 |
0 |
1 |
|a Papp Gyula
|e aut
|
| 856 |
4 |
0 |
|u http://publicatio.bibl.u-szeged.hu/31584/1/aok_klny_303_98.pdf
|z Dokumentum-elérés
|